EU Special Member State Territories - Statistics

General Stats
  • This quiz has been taken 60 times
  • The average score is 20 of 32
Answer Stats
COUNTRY STATUS LOCATION REGION / TERRITORY % Correct
France Outermost Region (OMR) South American Mainland French Guiana
95%
Portugal Outermost Region (OMR) Macaronesia (North Atlantic) Azores
92%
Spain Outermost Region (OMR) Macaronesia (North Atlantic) Canary Islands
89%
Portugal Outermost Regions (OMR) Macaronesia (North Atlantic) Madeira
89%
France Overseas Country or Territory (OCT) Polynesia (South Pacific) French Polynesia
86%
Denmark Overseas Country or Territory (OCT) North Atlantic / Arctic Ocean Greenland
84%
France Outermost Region (OMR) Lesser Antilles (Caribbean Sea) Guadeloupe
84%
Netherlands Overseas Country or Territory (OCT) Lesser Antilles (Caribbean Sea) Aruba
81%
Spain Special Case African Mainland (Alboran Sea) Ceuta
81%
Netherlands Overseas Country or Territory (OCT) Lesser Antilles (Caribbean Sea) Curaçao
81%
France Outermost Region (OMR) Lesser Antilles (Caribbean Sea) Martinique
81%
Denmark Special Case North Atlantic Ocean Faroe Islands
78%
France Outermost Region (OMR) Lesser Antilles (Caribbean Sea) Saint Martin
78%
Spain Special Case African Mainland (Alboran Sea) Melilla
76%
France Overseas Country or Territory (OCT) Melanesia (South Pacific) New Caledonia
76%
Finland Special Case Gulf of Bothnia / Baltic Sea Åland
73%
Netherlands Overseas Country or Territory (OCT) Lesser Antilles (Caribbean Sea) Bonaire
68%
France Outermost Region (OMR) Comoro Islands (Mozambique Channel) Mayotte
68%
Netherlands Overseas Country or Territory (OCT) Lesser Antilles (Caribbean Sea)) Sint Maarten
68%
Cyprus Special Case Cyprus (Mediterranean Sea) United Nations Buffer Zone in Cyprus
68%
France Overseas Country or Territory (OCT) Gulf of Saint Lawrence (North Atlantic) Saint Pierre and Miquelon
65%
France Overseas Country or Territory (OCT) Lesser Antilles (Caribbean Sea) Saint Barthélemy
54%
Netherlands Overseas Country or Territory (OCT) Lesser Antilles (Caribbean Sea) Saba
51%
Netherlands Overseas Country or Territory (OCT) Lesser Antilles (Caribbean Sea) Sint Eustatius
49%
France Overseas Country or Territory (OCT) Polynesia (South Pacific) Wallis and Futuna
49%
Germany Special Case German Bight (North Sea) Heligoland
30%
Greece Special Case Northeastern Greece (Aegean Sea) Mount Athos
30%
France Overseas Country or Territory (OCT) Indian Ocean French Southern and Antarctic Lands
22%
France Outermost Region (OMR) Mascarene Islands (Indian Ocean) La Réunion
22%
Italy Special Case Province of Como, Lombardy Campione d'Italia
19%
Germany Special Case Baden-Württemberg Büsingen am Hochrhein
14%
Italy Special Case Province of Sondrio, Lombardy Livigno
14%
No matching quizzes found
Score Distribution
Percent of People with Each Score
Percentile by Number Answered
Your Score History
You have not taken this quiz